| 000 | 00701nam a2200241 a 4500 | ||
|---|---|---|---|
| 999 |
_c10595 _d10595 |
||
| 001 | 10595 | ||
| 003 | BD-JhCC | ||
| 005 | 20180728085718.0 | ||
| 008 | 180728s20131986bg |||| ||a| 000 0 ben d | ||
| 020 | _a9849600519 | ||
| 035 | _a(BD-JhCC)10595 | ||
| 040 |
_aBD-JhCC _dBD-JhCC |
||
| 041 | _aben | ||
| 082 |
_223 _a780 _bUDD 2013 |
||
| 100 | _aউদ্দীন, জসীম | ||
| 245 |
_aজারীগান / _bজসীম উদ্দীন |
||
| 260 |
_aঢাকা: _bপলাশ প্রকাশনী, _c২০১৩ |
||
| 300 |
_a334 p.: _c22 cm. |
||
| 650 | _aBengali Music | ||
| 650 | _aবাংলা গান (জারীগান) | ||
| 942 |
_2ddc _cBK |
||